<?xml version="1.0" encoding="UTF-8"?>
<collection xmlns:xsi="http://www.w3.org/2001/XMLSchema-instance" xsi:schemaLocation="http://www.loc.gov/MARC21/slim http://www.loc.gov/standards/marcxml/schema/MARC21slim.xsd" xmlns="http://www.loc.gov/MARC21/slim">
 <record>
  <leader>00000ctm a22000003i 4500</leader>
  <controlfield tag="001">UP-99796217612749576</controlfield>
  <controlfield tag="003">Buklod</controlfield>
  <controlfield tag="005">20251118113406.0</controlfield>
  <controlfield tag="006">a     r    |||| u|</controlfield>
  <controlfield tag="007">ta</controlfield>
  <controlfield tag="008">251118s2016    xx     d     |||| ||    |</controlfield>
  <datafield tag="035" ind1=" " ind2=" ">
   <subfield code="a">(iLib)UPD-00362013607</subfield>
  </datafield>
  <datafield tag="040" ind1=" " ind2=" ">
   <subfield code="a">DCAL</subfield>
   <subfield code="e">rda</subfield>
  </datafield>
  <datafield tag="041" ind1=" " ind2=" ">
   <subfield code="a">eng</subfield>
  </datafield>
  <datafield tag="042" ind1=" " ind2=" ">
   <subfield code="a">DMLUC</subfield>
  </datafield>
  <datafield tag="090" ind1=" " ind2=" ">
   <subfield code="a">LG 993.5 2016 C6</subfield>
   <subfield code="b">V53</subfield>
  </datafield>
  <datafield tag="100" ind1="1" ind2=" ">
   <subfield code="a">Vidal, Niobe Verena M.</subfield>
   <subfield code="e">author</subfield>
  </datafield>
  <datafield tag="245" ind1="1" ind2="0">
   <subfield code="a">Volatile Venuses</subfield>
   <subfield code="b">the concept of the erotic in the fiction of Anais Nin and Marguerite Duras</subfield>
   <subfield code="c">by Niobe Verena M. Vidal ; Corazon D. Villareal, adviser.</subfield>
  </datafield>
  <datafield tag="264" ind1=" " ind2="1">
   <subfield code="a">Quezon City</subfield>
   <subfield code="b">College of Arts and Letters, University of the Philippines Diliman</subfield>
   <subfield code="c">[2016]</subfield>
  </datafield>
  <datafield tag="300" ind1=" " ind2=" ">
   <subfield code="a">134 leaves</subfield>
   <subfield code="c">28 cm.</subfield>
  </datafield>
  <datafield tag="336" ind1=" " ind2=" ">
   <subfield code="a">text</subfield>
   <subfield code="2">rdacontent</subfield>
  </datafield>
  <datafield tag="337" ind1=" " ind2=" ">
   <subfield code="a">unmediated</subfield>
   <subfield code="2">rdamedia</subfield>
  </datafield>
  <datafield tag="338" ind1=" " ind2=" ">
   <subfield code="a">volume</subfield>
   <subfield code="2">rdacarrier</subfield>
  </datafield>
  <datafield tag="502" ind1=" " ind2=" ">
   <subfield code="a">Thesis (B.A. in Comparative Literature)</subfield>
   <subfield code="c">College of Arts and Letters, University of the Philippines Diliman</subfield>
   <subfield code="d">June 2016</subfield>
  </datafield>
  <datafield tag="504" ind1=" " ind2=" ">
   <subfield code="a">Includes bibliographical references</subfield>
  </datafield>
  <datafield tag="520" ind1=" " ind2=" ">
   <subfield code="a">What do you mean when you say &quot;erotic&quot;? The concept of the erotic is linked to sexual activity - however, its exact parameters have been the subject of many debates. Art critics have proposed a general framework for this concept; but being heavily gendered, this concept involves sexual politics, and feminists have cried out that art has neglected to make space in the erotic for women to express their desires, silencing them, and rendering them as objects of pleasure. This study interrogates how selected works of fiction reinvent the erotic to incorporate the concerns of both aestheticists and feminists. It will focus on the systems of language and sexuality constructed in the texts, and will argue that the delineations provided by previous theories inhibit an inclusive feminist reading. The corpus is comprised of two short story collections by Anais Nin, Delta of Venus and Little Birds, and the novella The Lover by Marguerite Duras. Functioning on the principle that men and women are different biologically, and thus, have different experiences, realities, and languages, these works explores the philosophy of the erotic put forward by Georges Bataille, which describes the erotic as a &quot;fascination&quot; with difference, modifying it with a &quot;feminine voice&quot;. In doing so, these works open up a structure of power wherein gender relations are equalized and the woman is allowed to express her desire, and own her sexuality.</subfield>
  </datafield>
  <datafield tag="650" ind1=" " ind2="0">
   <subfield code="a">Feminist in literature.</subfield>
  </datafield>
  <datafield tag="650" ind1=" " ind2="0">
   <subfield code="a">Sex role in literature.</subfield>
  </datafield>
  <datafield tag="650" ind1=" " ind2="0">
   <subfield code="a">Erotic literature.</subfield>
  </datafield>
  <datafield tag="700" ind1="1" ind2=" ">
   <subfield code="a">Villareal, Corazon D.</subfield>
   <subfield code="e">adviser.</subfield>
  </datafield>
  <datafield tag="905" ind1=" " ind2=" ">
   <subfield code="a">FI</subfield>
  </datafield>
  <datafield tag="905" ind1=" " ind2=" ">
   <subfield code="a">UP</subfield>
  </datafield>
  <datafield tag="852" ind1="0" ind2=" ">
   <subfield code="a">UPD</subfield>
   <subfield code="b">DCAL</subfield>
   <subfield code="h">LG 993.5 2016 C6</subfield>
   <subfield code="i">V53</subfield>
  </datafield>
  <datafield tag="942" ind1=" " ind2=" ">
   <subfield code="a">Thesis</subfield>
  </datafield>
 </record>
</collection>
